[Event "Politiken Cup"]
[Site "Helsingor DEN"]
[Date "2009.07.25"]
[Round "9"]
[White "Carstensen,J"]
[Black "Jiretorn,E"]
[Result "1-0"]
[WhiteElo "2330"]
[BlackElo "2150"]
[EventDate "2009.07.18"]

1. d4 d5 2. c4 c6 3. Nf3 dxc4 4. e3 Be6 5. Nbd2 b5 6. a4 Qa5 7. Ra3 b4 8.
Ra1 b3 9. Ne5 c3 10. bxc3 Qxc3 11. Rb1 Nf6 12. Bc4 Bxc4 13. Nexc4 e6 14.
Rxb3 Qa1 15. Qc2 Nd5 16. O-O Nb4 17. Rxb4 Bxb4 18. Bb2 Qa2 19. Ra1 Qxa1+
20. Bxa1 O-O 21. Ne4 Nd7 22. Ng5 g6 23. Qe4 Be7 24. h4 Nb6 25. Ne5 1-0

[Event "Politiken Cup"]
[Site "Helsingor DEN"]
[Date "2009.07.25"]
[Round "9"]
[White "Andersson,C"]
[Black "Bejtovic,J"]
[Result "0-1"]
[WhiteElo "2136"]
[BlackElo "2307"]
[EventDate "2009.07.18"]

1. e4 c5 2. c3 e6 3. Nf3 Nc6 4. d4 d5 5. exd5 exd5 6. Bb5 Bd6 7. Be3 cxd4
8. Nxd4 Nge7 9. Nd2 O-O 10. O-O Ne5 11. N2f3 f6 12. Qc2 Bb8 13. Bd3 N7g6
14. c4 Nxd3 15. Qxd3 Ne5 16. Nxe5 fxe5 17. Ne2 d4 18. Bd2 Bf5 19. Qb3 Qc7
20. f4 d3 21. Ng3 e4 22. Rae1 Qc5+ 23. Kh1 Qc6 24. Qb5 Qxb5 25. cxb5 Bd7
26. a4 a6 27. Nxe4 axb5 28. Nc5 Bg4 29. Re7 Bd6 30. Rxb7 Bxc5 31. Rc1 Bd4
32. h3 Be2 33. Rcc7 Rfc8 34. a5 Rxc7 35. Rxc7 Bxb2 36. Rb7 Bd4 37. Rd7 Bc5
38. Rc7 Bf8 39. Kg1 b4 40. Kf2 Rxa5 41. Rc8 Rb5 42. Rc1 Bc5+ 43. Ke1 b3 44.
g4 b2 45. Rb1 Bd4 46. g5 g6 47. h4 Kf7 48. h5 gxh5 49. g6+ hxg6 0-1

[Event "Politiken Cup"]
[Site "Helsingor DEN"]
[Date "2009.07.25"]
[Round "9"]
[White "Karlsson,J"]
[Black "Matthiesen,M"]
[Result "1/2-1/2"]
[WhiteElo "2118"]
[BlackElo "2305"]
[EventDate "2009.07.18"]

1. e4 c5 2. Nf3 d6 3. c3 Nf6 4. Be2 Nbd7 5. d3 b6 6. h4 Bb7 7. h5 Qc7 8. c4
e6 9. Bf4 Be7 10. Nc3 a6 11. a3 O-O 12. Ng5 Qd8 13. Nh3 d5 14. e5 Ne8 15.
Bf3 Nc7 16. Qe2 b5 17. Nd1 Rb8 18. Ne3 d4 19. Ng4 bxc4 20. dxc4 Ne8 21. O-O
Bxf3 22. Qxf3 Rxb2 23. Rab1 Rxb1 24. Rxb1 f5 25. Nh2 Nb6 26. Qc6 Na8 27.
Qxe6+ Kh8 28. Nf3 Nec7 29. Qc6 Qe8 30. Qxe8 Rxe8 31. Bg5 Bxg5 32. Nhxg5 Kg8
33. Nh3 Ne6 34. Ne1 Nac7 35. Nd3 Kf7 36. f4 Ke7 37. Rb6 g6 38. hxg6 hxg6
39. Nhf2 Kd7 40. Nd1 Rc8 41. N1b2 Ne8 42. Rxa6 N8c7 43. Rd6+ Ke7 44. Na4
Rb8 45. Nb6 Ne8 46. Rc6 Kf7 47. a4 Nd8 48. e6+ Kg7 49. Rc8 Rxc8 50. Nxc8
Nxe6 51. Nb6 N8c7 52. Kf2 g5 53. fxg5 Kg6 54. Nd5 Na6 55. N3f4+ Nxf4 56.
Nxf4+ Kxg5 57. Nd3 Kg4 58. g3 Kh5 59. Kf3 Kg5 60. a5 Kg6 61. Kf4 Kf6 62.
Nf2 Nc7 63. Nd3 Na6 64. Ne5 Ke6 65. Nd3 Kf6 66. Kf3 Kg5 67. Nf4 Kf6 68. Nd3
Kg5 69. Ne5 Nb4 70. Ke2 Na6 71. Nd3 Kg4 72. Kf2 Kh5 73. Kg2 Kg4 74. Ne5+
Kg5 75. Kf3 Kf6 76. Kf4 Ke6 77. Nf3 Nb4 78. Nd2 Kf6 79. Kf3 Kg5 80. Nb3 Na6
81. Nc1 Nb4 82. Nb3 1/2-1/2

[Event "Politiken Cup"]
[Site "Helsingor DEN"]
[Date "2009.07.25"]
[Round "9"]
[White "Christensen,Bo"]
[Black "Haubro,S"]
[Result "0-1"]
[WhiteElo "2277"]
[BlackElo "2144"]
[EventDate "2009.07.18"]

1. e4 b6 2. d4 Bb7 3. Bd3 e6 4. Nf3 Ne7 5. h4 Nbc6 6. c3 d6 7. Nbd2 e5 8.
Bc4 Na5 9. dxe5 Nxc4 10. Qa4+ Qd7 11. Qxc4 d5 12. Qe2 Ng6 13. g3 dxe4 14.
Nxe4 Qd5 15. Ned2 O-O-O 16. O-O f6 17. exf6 gxf6 18. Kh2 Bd6 19. Rg1 Rde8
20. Qf1 Qh5 21. Qh3+ Kb8 22. Kg2 Rhg8 23. g4 Nf4+ 24. Kf1 Qd5 0-1

[Event "Politiken Cup"]
[Site "Helsingor DEN"]
[Date "2009.07.25"]
[Round "9"]
[White "Skovgaard,Pe2"]
[Black "Pedersen,Pet2"]
[Result "1/2-1/2"]
[WhiteElo "2258"]
[BlackElo "2119"]
[EventDate "2009.07.18"]

1. e4 g6 2. d4 Bg7 3. Nc3 d6 4. g3 Nc6 5. Be3 h5 6. h3 e5 7. d5 Nd4 8. Nf3
Nxf3+ 9. Qxf3 a6 10. Bg2 Bd7 11. O-O-O b5 12. g4 h4 13. g5 Ne7 14. Qe2 Nc8
15. Bf3 Nb6 16. b3 b4 17. Nb1 a5 18. Bg4 O-O 19. Bxd7 Qxd7 20. Qg4 Qb5 21.
Qxh4 a4 22. Qg4 axb3 23. axb3 Ra2 24. Rhe1 c5 25. dxc6 Qxc6 26. Rd2 Rc8 27.
Bxb6 Rxc2+ 28. Kd1 Rc1+ 29. Ke2 Qxb6 30. Rdd1 Qa6+ 31. Kf3 Rxd1 32. Rxd1
Qc6 33. Rd5 Ra8 34. Kg2 Ra1 35. Qd1 Bf8 36. h4 1/2-1/2

[Event "Politiken Cup"]
[Site "Helsingor DEN"]
[Date "2009.07.25"]
[Round "9"]
[White "Haarr,J"]
[Black "Hess,C1"]
[Result "0-1"]
[WhiteElo "2110"]
[BlackElo "2257"]
[EventDate "2009.07.18"]

1. e4 c6 2. c4 d5 3. cxd5 cxd5 4. exd5 Nf6 5. Nc3 g6 6. d4 Nxd5 7. Qb3 Nb6
8. d5 Bg7 9. Be3 O-O 10. Rd1 Na6 11. h3 Bd7 12. Bxa6 bxa6 13. Nge2 a5 14.
O-O Rb8 15. Bf4 Rb7 16. Nd4 Qc8 17. Qc2 Nc4 18. b3 Nd6 19. Bxd6 exd6 20.
Qd3 Re8 21. Ne4 Rb6 22. Nc6 Bf5 23. Rfe1 Qd7 24. Nxa5 Rb4 25. Nc4 a5 26. g4
Bxe4 27. Rxe4 Rxe4 28. Qxe4 a4 29. Qe1 Rb8 30. bxa4 Qxa4 31. Nxd6 Qf4 32.
Ne4 Be5 33. Ng3 Rb2 34. a4 Bd4 35. Nh1 Be5 36. Ng3 Bd4 37. Ne4 Be5 38. Kf1
Qh2 39. Nd2 Qxh3+ 40. Ke2 Qxg4+ 41. Kf1 Qxa4 42. Ne4 Qc4+ 43. Kg1 Re2 44.
Qa5 Rxe4 45. d6 Rg4+ 46. Kh1 Qe4+ 47. f3 Qxf3+ 0-1

[Event "Politiken Cup"]
[Site "Helsingor DEN"]
[Date "2009.07.25"]
[Round "9"]
[White "Angskog,K"]
[Black "Andersen,L2 DEN"]
[Result "1-0"]
[WhiteElo "2255"]
[BlackElo "2113"]
[EventDate "2009.07.18"]

1. Nf3 d5 2. c4 e6 3. g3 d4 4. d3 Nc6 5. Bg2 Nge7 6. O-O Nf5 7. Bf4 Bd6 8.
Bxd6 cxd6 9. Qa4 O-O 10. b4 Qb6 11. a3 Bd7 12. Nbd2 Ne5 13. Qc2 f6 14. c5
Qc7 15. Rfc1 d5 16. a4 a6 17. Rab1 Rfc8 18. Qb3 Qd8 19. Bh3 Kh8 20. Bxf5
exf5 21. Nxd4 Qe8 22. b5 f4 23. N2f3 Nxf3+ 24. exf3 Qe5 25. c6 bxc6 26.
bxc6 Bh3 27. Qc3 fxg3 28. hxg3 Ra7 29. Re1 Qd6 30. Rb7 Rxb7 31. cxb7 1-0

[Event "Politiken Cup"]
[Site "Helsingor DEN"]
[Date "2009.07.25"]
[Round "9"]
[White "Andersen,Ru2"]
[Black "Gajic,Ml"]
[Result "0-1"]
[WhiteElo "2026"]
[BlackElo "2249"]
[EventDate "2009.07.18"]

1. e4 Nf6 2. Nc3 d5 3. e5 d4 4. exf6 dxc3 5. fxg7 cxd2+ 6. Qxd2 Qxd2+ 7.
Bxd2 Bxg7 8. O-O-O Nc6 9. Bc4 Ne5 10. Bb3 Bd7 11. Bc3 Rg8 12. Ne2 e6 13. h3
O-O-O 14. Kb1 Bh8 15. f4 Rxg2 16. fxe5 Rxe2 17. Bc4 Re3 18. Bd4 Re4 19.
Rhe1 Bc6 20. c3 Bxe5 21. Rf1 Bxd4 22. cxd4 Rexd4 23. Rxd4 Rxd4 24. Bb3 Be4+
25. Kc1 Bg6 26. a4 Rd3 27. Bd1 Rxh3 28. Rf4 h5 29. Rb4 b6 30. Be2 c5 31.
Rf4 Kc7 32. Bb5 h4 33. Rf2 Kd6 34. Rd2+ Ke5 35. Rd7 Rh1+ 36. Kd2 h3 37. Bc6
Be4 38. Bxe4 Kxe4 39. Rxf7 h2 40. Rh7 Rb1 0-1

[Event "Politiken Cup"]
[Site "Helsingor DEN"]
[Date "2009.07.25"]
[Round "9"]
[White "Veng,J"]
[Black "Algra,J"]
[Result "1-0"]
[WhiteElo "2243"]
[BlackElo "2123"]
[EventDate "2009.07.18"]

1. Nf3 c5 2. c4 Nf6 3. d4 e6 4. g3 Be7 5. Bg2 O-O 6. d5 exd5 7. cxd5 d6 8.
O-O b5 9. Re1 Bb7 10. e4 Nbd7 11. Nc3 a6 12. e5 Nxe5 13. Nxe5 dxe5 14. d6
Bxg2 15. dxe7 Qxe7 16. Kxg2 Rad8 17. Qf3 h6 18. Be3 Rfe8 19. Rad1 c4 20.
Ne4 Nd7 21. Nd6 Rf8 22. Nf5 Qb4 23. Bxh6 1-0

[Event "Politiken Cup"]
[Site "Helsingor DEN"]
[Date "2009.07.25"]
[Round "9"]
[White "Lindberg,H"]
[Black "Pedersen,NicK"]
[Result "1/2-1/2"]
[WhiteElo "2240"]
[BlackElo "2014"]
[EventDate "2009.07.18"]

1. e4 c6 2. d4 d5 3. exd5 cxd5 4. c4 Nf6 5. Nc3 e6 6. Nf3 Bb4 7. cxd5 Nxd5
8. Bd2 Nc6 9. Bd3 O-O 10. O-O Be7 11. Ne4 Ndb4 12. Bxb4 Nxb4 13. Bc4 b6 14.
Qe2 Bb7 15. Rfd1 Nd5 16. Nc3 Rc8 17. Nxd5 Bxd5 18. Bxd5 Qxd5 19. Qa6 Rc7
20. Rac1 Qd7 21. Rc3 Qc8 22. Qxc8 Rfxc8 23. Rdc1 Bd6 24. Kf1 Kf8 25. Rxc7
Rxc7 26. Rxc7 Bxc7 27. Ke2 Ke7 28. Kd3 b5 1/2-1/2

[Event "Politiken Cup"]
[Site "Helsingor DEN"]
[Date "2009.07.25"]
[Round "9"]
[White "Hansen,Herl"]
[Black "Kovachev,D"]
[Result "0-1"]
[WhiteElo "2071"]
[BlackElo "2240"]
[EventDate "2009.07.18"]

1. d4 Nf6 2. c4 e6 3. Nc3 Bb4 4. e3 O-O 5. Bd3 c5 6. a3 Bxc3+ 7. bxc3 Nc6
8. Nf3 d5 9. O-O Qc7 10. h3 dxc4 11. Bxc4 e5 12. Ba2 Bf5 13. Bb2 Rad8 14.
Rc1 Rfe8 15. Re1 h6 16. Qe2 Be4 17. Rcd1 Qb6 18. Nxe5 Nxe5 19. dxe5 Rxd1
20. Rxd1 Rxe5 21. c4 Rg5 22. f3 Bxf3 23. Qxf3 Qxb2 24. Bb1 g6 25. Be4 Kg7
26. Rb1 Qxa3 27. Rxb7 Qc1+ 28. Kh2 Qxc4 29. Bb1 a5 30. Rb6 Qc3 31. Bd3 Qe5+
32. Kh1 Rg3 33. Qf4 Qxf4 0-1

[Event "Politiken Cup"]
[Site "Helsingor DEN"]
[Date "2009.07.25"]
[Round "9"]
[White "Seegert,K"]
[Black "Solberg,J"]
[Result "0-1"]
[WhiteElo "2103"]
[BlackElo "2222"]
[EventDate "2009.07.18"]

1. e4 c5 2. Nf3 d6 3. d4 cxd4 4. Nxd4 Nf6 5. Nc3 e5 6. Ndb5 a6 7. Na3 b5 8.
Nd5 Nxe4 9. Qf3 Nc5 10. Be3 Bb7 11. c4 b4 12. Nc2 a5 13. Bxc5 dxc5 14. Bd3
Nc6 15. Be4 Rc8 16. Rd1 Bd6 17. O-O Nd4 18. Nxd4 cxd4 19. Qg4 O-O 20. Rd3
g6 21. Rf3 Bxd5 22. Bxd5 Kg7 23. Rh3 f5 24. Qd1 Qf6 25. Qa4 Qd8 26. Qd1 Qf6
27. Qa4 e4 28. Qxa5 d3 29. Qa7+ Rc7 30. Qe3 h5 31. Qd2 Re8 32. Re1 Ree7 33.
a3 bxa3 34. b4 Be5 35. Qa2 Bb2 36. b5 Qd4 37. Qb3 Qc3 38. Qxc3+ Bxc3 39. b6
Bxe1 0-1

[Event "Politiken Cup"]
[Site "Helsingor DEN"]
[Date "2009.07.25"]
[Round "9"]
[White "Hansen,Mads3"]
[Black "Kvisla,J"]
[Result "1-0"]
[WhiteElo "2068"]
[BlackElo "2222"]
[EventDate "2009.07.18"]

1. e4 Nf6 2. e5 Ng8 3. d4 d6 4. Nf3 c6 5. Bd3 Bg4 6. O-O g6 7. h3 Bxf3 8.
Qxf3 e6 9. exd6 Qxd6 10. Nc3 Bg7 11. Bf4 Qxd4 12. Rad1 Qb4 13. Nb5 cxb5 14.
Qxb7 a6 15. Bxb5+ Qxb5 16. Qc8+ Ke7 17. Qd8+ 1-0

[Event "Politiken Cup"]
[Site "Helsingor DEN"]
[Date "2009.07.25"]
[Round "9"]
[White "Carnstam,T"]
[Black "Jorgensen,D"]
[Result "0-1"]
[WhiteElo "2047"]
[BlackElo "2207"]
[EventDate "2009.07.18"]

1. e4 c6 2. c4 d5 3. exd5 cxd5 4. cxd5 Nf6 5. d4 Nxd5 6. Nf3 e6 7. Bc4 Be7
8. O-O O-O 9. Nc3 a6 10. Bxd5 exd5 11. Qb3 Nc6 12. Nxd5 Be6 13. Nxe7+ Nxe7
14. Qe3 Re8 15. Bd2 Qb6 16. Bc3 Rac8 17. Rfe1 Nd5 18. Qe4 h6 19. Ne5 Rc7
20. Qf3 Rec8 21. Rac1 Qd6 22. Bd2 Qb6 23. Rxc7 Rxc7 24. Bc3 Nxc3 25. bxc3
Qa5 26. Rc1 Qxa2 27. h3 Qb3 28. Qd3 b5 29. Qd2 Qd5 30. Nd3 Bc8 31. Re1 Bb7
32. f3 Qd6 33. Nc5 Bd5 34. Re8+ Kh7 35. Qd3+ g6 36. Qe3 a5 37. Ne4 Bxe4 38.
Rxe4 a4 39. Qd2 a3 40. Re5 Qb6 41. Kf1 Qa5 42. Qa2 Qxc3 43. Re2 b4 44. d5
Qc4 0-1

[Event "Politiken Cup"]
[Site "Helsingor DEN"]
[Date "2009.07.25"]
[Round "9"]
[White "Akdag,D"]
[Black "Peschardt,S"]
[Result "1-0"]
[WhiteElo "2198"]
[BlackElo "2102"]
[EventDate "2009.07.18"]

1. d4 f5 2. c4 Nf6 3. Nc3 e6 4. Bg5 Bb4 5. Qb3 Bxc3+ 6. Qxc3 O-O 7. Nf3 d6
8. g3 Qe8 9. Bxf6 Rxf6 10. Bg2 Bd7 11. Rd1 Na6 12. b4 c6 13. O-O Nc7 14.
Rfe1 Qh5 15. Qa3 f4 16. b5 Ne8 17. b6 fxg3 18. hxg3 a6 19. e4 Rf7 20. c5 e5
21. cxd6 Bg4 22. Rd3 exd4 23. e5 Nxd6 24. Qxd6 Rxf3 25. Rxf3 Bxf3 26. Qxd4
Bxg2 27. Kxg2 Re8 28. f4 Qf5 29. Re2 h5 30. Qe4 Qxe4+ 31. Rxe4 Kf7 32. Rd4
Ke7 33. Rd6 Rc8 34. f5 Rf8 35. Re6+ Kd7 36. Rd6+ Ke7 37. Re6+ Kd7 38. Rg6
Rxf5 39. Rxg7+ Ke6 40. Rxb7 Rxe5 41. Kh3 Ra5 42. Rb8 Kd6 43. Kh4 Kd7 44.
Ra8 Rb5 45. Rxa6 c5 46. a4 Rb3 47. Ra7+ Kd6 48. a5 Rb5 49. Kxh5 c4+ 50. Kg6
Kd5 51. Rd7+ Ke5 52. b7 c3 53. a6 Rb6+ 54. Kh5 c2 55. Rc7 Kd6 56. Rxc2 1-0

[Event "Politiken Cup"]
[Site "Helsingor DEN"]
[Date "2009.07.25"]
[Round "9"]
[White "Rolvag,M"]
[Black "Tallaksen,L"]
[Result "1/2-1/2"]
[WhiteElo "2196"]
[BlackElo "2081"]
[EventDate "2009.07.18"]

1. c4 Nf6 2. Nc3 c6 3. Nf3 d5 4. e3 e6 5. b3 Bd6 6. Bb2 Nbd7 7. cxd5 exd5
8. Qc2 O-O 9. Be2 Re8 10. O-O Nf8 11. a3 a5 12. Na4 Bg4 13. Rfe1 N8d7 14.
h3 Bh5 15. Nh4 Bxe2 16. Rxe2 Bf8 17. Nf5 Rc8 18. Nc3 b5 19. d3 Qb6 20. Rae1
c5 21. a4 b4 22. Nb5 Qe6 23. e4 dxe4 24. dxe4 g6 25. Ne3 Qxe4 26. Qxe4 Rxe4
27. Nc4 Rxe2 28. Rxe2 Ra8 29. Nc7 Rc8 30. Nb5 Ra8 31. Nc7 1/2-1/2

[Event "Politiken Cup"]
[Site "Helsingor DEN"]
[Date "2009.07.25"]
[Round "9"]
[White "Nguyen,Mi"]
[Black "Dalberg,P"]
[Result "1-0"]
[WhiteElo "2196"]
[BlackElo "2088"]
[EventDate "2009.07.18"]

1. d4 d5 2. Nf3 Nc6 3. Bf4 Bg4 4. e3 e6 5. c4 Bb4+ 6. Nc3 Nf6 7. Rc1 O-O 8.
Be2 dxc4 9. Bxc4 Nd5 10. Bg3 Nxc3 11. bxc3 Bd6 12. O-O Bxg3 13. hxg3 Na5
14. Bd3 c5 15. Qc2 Bxf3 16. gxf3 h6 17. f4 Rc8 18. Qe2 g6 19. Rcd1 Qe7 20.
Be4 cxd4 21. cxd4 Rc7 22. d5 exd5 23. Bxd5 Rc5 24. Qd3 Qf6 25. e4 Qc3 26.
Qe2 Kg7 27. Rd3 Qb4 28. Qg4 Qb6 29. f5 h5 30. Qf4 Qf6 31. Qe3 b6 32. fxg6
Qxg6 33. Qd4+ Kh6 34. Rf3 Nc6 35. Qd2+ Kh7 36. Re1 Ne7 37. Bb3 Rc7 38. e5
Qh6 39. Qd6 Rfc8 40. Rxf7+ 1-0

[Event "Politiken Cup"]
[Site "Helsingor DEN"]
[Date "2009.07.25"]
[Round "9"]
[White "Ask,J"]
[Black "Madland,K"]
[Result "0-1"]
[WhiteElo "2191"]
[BlackElo "2017"]
[EventDate "2009.07.18"]

1. c4 c6 2. d4 d5 3. Nf3 Nf6 4. Nc3 e6 5. Bg5 dxc4 6. e4 b5 7. e5 h6 8. Bh4
g5 9. exf6 gxh4 10. Ne5 Qxf6 11. a4 Bb7 12. axb5 c5 13. Be2 Bg7 14. Nxc4
O-O 15. dxc5 Bxg2 16. Rg1 Rd8 17. Qc2 h3 18. c6 Qf4 19. Rd1 Bd4 20. Ne3
Nxc6 21. bxc6 Bxe3 22. Rxd8+ Rxd8 23. fxe3 Qh4+ 0-1

[Event "Politiken Cup"]
[Site "Helsingor DEN"]
[Date "2009.07.25"]
[Round "9"]
[White "Laursen,N1"]
[Black "Brorsen,J"]
[Result "1/2-1/2"]
[WhiteElo "2191"]
[BlackElo "1911"]
[EventDate "2009.07.18"]

1. e4 c5 2. Nf3 d6 3. d4 cxd4 4. Nxd4 Nf6 5. Nc3 a6 6. g3 b5 7. Bg2 Bb7 8.
a4 e5 9. Nb3 b4 10. Nd5 Nxd5 11. exd5 a5 12. O-O Be7 13. Bd2 Bg5 14. Qg4
Bf6 15. c3 bxc3 16. Bxc3 O-O 17. Rfd1 Be7 18. Qe2 Ba6 19. Qe1 f5 20. Nxa5
f4 21. f3 Qe8 22. b4 Bc8 23. b5 Nd7 24. Ra2 Nb6 25. Qf2 Bd8 26. Bb4 Qd7 27.
Nc6 1/2-1/2

[Event "Politiken Cup"]
[Site "Helsingor DEN"]
[Date "2009.07.25"]
[Round "9"]
[White "Strand,H"]
[Black "Rossen,C"]
[Result "1/2-1/2"]
[WhiteElo "2062"]
[BlackElo "2188"]
[EventDate "2009.07.18"]

1. e4 g6 2. d4 Bg7 3. Nc3 d6 4. Be3 a6 5. Qd2 b5 6. f3 Bb7 7. Bd3 Nd7 8.
Nce2 c5 9. c4 bxc4 10. Bxc4 e6 11. dxc5 Nxc5 12. Bd4 e5 13. Be3 Ne7 14. Nc3
Nc6 15. Nge2 O-O 16. Rd1 Qa5 17. Qxd6 Na4 18. Qa3 Nxc3 19. Qxc3 Qxc3+ 20.
Nxc3 Nd4 21. O-O Rac8 22. b3 Rfd8 23. Rd2 Bf8 24. Nd5 Bc5 25. Bxd4 exd4 26.
Rfd1 Bxd5 27. exd5 a5 28. Kf1 Re8 29. Re2 Rxe2 30. Kxe2 Re8+ 31. Kf1
1/2-1/2

[Event "Politiken Cup"]
[Site "Helsingor DEN"]
[Date "2009.07.25"]
[Round "9"]
[White "Brendel,B"]
[Black "Engelbert,C"]
[Result "0-1"]
[WhiteElo "2046"]
[BlackElo "2185"]
[EventDate "2009.07.18"]

1. e4 g6 2. d4 Bg7 3. Nc3 d6 4. Be3 Nf6 5. f3 c6 6. Qd2 b5 7. g4 h5 8. g5
Nfd7 9. f4 Nb6 10. Nf3 d5 11. Bd3 Bg4 12. Ne5 Bxe5 13. fxe5 b4 14. Nd1 Bf3
15. Rf1 dxe4 16. e6 O-O 17. exf7+ Kg7 18. Be2 Bxe2 19. Qxe2 Nd5 20. a3 Nd7
21. axb4 Nxb4 22. Nf2 Rxf7 23. Nxe4 Rxf1+ 24. Kxf1 Qf8+ 25. Bf2 Nd5 26. Nc5
Nxc5 27. Qe5+ Kh7 28. dxc5 Qf7 29. Kg1 Rf8 30. Bd4 Nf4 31. Ra3 Ne6 32. Ra1
Nxd4 33. Qxd4 Qf5 34. Qe3 Rf7 35. h3 Qxc2 36. Rxa7 Qb1+ 37. Kg2 Qxb2+ 38.
Kg3 Qb8+ 0-1

[Event "Politiken Cup"]
[Site "Helsingor DEN"]
[Date "2009.07.25"]
[Round "9"]
[White "Kaaber,J"]
[Black "Omarsson,D"]
[Result "1-0"]
[WhiteElo "2184"]
[BlackElo "2091"]
[EventDate "2009.07.18"]

1. c4 Nf6 2. Nc3 g6 3. g3 Bg7 4. Bg2 O-O 5. e4 d6 6. Nge2 e5 7. O-O Be6 8.
d3 c6 9. h3 Qd7 10. Kh2 Na6 11. f4 h5 12. b3 Nc7 13. d4 exd4 14. Nxd4 Qe7
15. Ba3 c5 16. Nde2 Bd7 17. Qd3 Bc6 18. Rad1 Rad8 19. Rfe1 a6 20. Bc1 b5
21. Nd5 Ncxd5 22. exd5 bxc4 23. bxc4 Ba4 24. Nc3 Qd7 25. Rd2 Rfe8 26. Rde2
Rxe2 27. Rxe2 Re8 28. Rb2 Rd8 29. f5 Kh7 30. Bg5 Re8 31. Rf2 1-0

[Event "Politiken Cup"]
[Site "Helsingor DEN"]
[Date "2009.07.25"]
[Round "9"]
[White "Eriksson,C"]
[Black "Knudsen,JesW"]
[Result "1-0"]
[WhiteElo "2181"]
[BlackElo "2005"]
[EventDate "2009.07.18"]

1. e4 c5 2. Nf3 Nf6 3. e5 Nd5 4. c3 d6 5. d4 dxe5 6. Nxe5 Nd7 7. Bb5 e6 8.
c4 Nc7 9. Qf3 Qf6 10. Bxd7+ Bxd7 11. Qxb7 Bd6 12. Qe4 cxd4 13. Bf4 Rd8 14.
Nd2 g5 15. Bg3 O-O 16. h4 Bb4 17. Qxh7+ Kxh7 18. hxg5+ Kg7 19. gxf6+ Kxf6
20. O-O-O Ba4 21. b3 Ba3+ 22. Kc2 Be8 23. Ng4+ Kf5 24. Nh6+ Kg6 25. Bxc7
d3+ 26. Kb1 Rd7 27. Be5 f5 28. Rh3 Rh7 29. Rdh1 Bb4 30. Rg3+ 1-0

[Event "Politiken Cup"]
[Site "Helsingor DEN"]
[Date "2009.07.25"]
[Round "9"]
[White "Hobber,A"]
[Black "Hvenekilde,J"]
[Result "1-0"]
[WhiteElo "2042"]
[BlackElo "2179"]
[EventDate "2009.07.18"]

1. Nf3 Nf6 2. d4 g6 3. Bf4 Bg7 4. Nc3 d6 5. e4 a6 6. Qd2 b5 7. Bd3 Bb7 8.
a3 Nbd7 9. Bh6 O-O 10. h4 c5 11. h5 Bxh6 12. Qxh6 Ng4 13. Qg5 cxd4 14. Nxd4
e5 15. Qxg4 Nf6 16. Qh3 exd4 17. Ne2 Qe7 18. hxg6 fxg6 19. O-O d5 20. exd5
Nxd5 21. Rae1 Rae8 22. Qg4 Nf6 23. Qxd4 Nh5 24. Qg4 Qf6 25. b4 Re5 26. f4
Qb6+ 27. Rf2 Nxf4 28. Qg3 Nxg2 29. Ref1 Rh5 30. Nd4 Qxd4 31. Bxg6 Rh3 32.
Bxh7+ Kh8 33. Qxh3 Nh4 34. c3 Qg7+ 35. Kh2 Qc7+ 36. Qg3 Rxf2+ 37. Rxf2 Qe7
38. Bg8 1-0

[Event "Politiken Cup"]
[Site "Helsingor DEN"]
[Date "2009.07.25"]
[Round "9"]
[White "Wahlstrom,L"]
[Black "Guttulsrud,O"]
[Result "0-1"]
[WhiteElo "2179"]
[BlackElo "2030"]
[EventDate "2009.07.18"]

1. e4 c5 2. Nf3 d6 3. d4 cxd4 4. Nxd4 Nf6 5. Nc3 a6 6. Be2 e5 7. Nb3 Be7 8.
a4 O-O 9. O-O Be6 10. f4 Qc7 11. f5 Bc4 12. Be3 Nbd7 13. a5 Bxe2 14. Qxe2
Qc6 15. Qf3 Rfd8 16. g4 h6 17. g5 hxg5 18. Bxg5 b5 19. Qg2 Qc4 20. Kh1 b4
21. Ra4 Bf8 22. Rg1 Rdb8 23. Nd5 Nxd5 24. exd5 Rb5 25. Be7 Qxd5 26. Qxd5
Rxd5 27. Bxf8 Kxf8 28. Rxb4 Nf6 29. Rh4 Rc8 30. c4 Rd3 31. Nc1 Rf3 32. Rh8+
Ng8 33. Rh7 Rxf5 34. Rhxg7 Nf6 35. b3 Rc5 36. R7g3 Rxa5 37. b4 Ra4 38. Rb3
Rf4 39. b5 axb5 40. cxb5 Rab4 41. Rd3 Ne4 42. Rd5 Nf2+ 43. Kg2 Rg4+ 44.
Kxf2 Rbf4+ 45. Ke3 Rxg1 46. Ne2 Re1 47. Kd2 Rff1 48. Nc3 Ke7 49. Kc2 Rf2+
50. Kd3 Rxh2 51. b6 Rh3+ 52. Kd2 Rxc3 53. Rb5 Rc5 54. Rb3 Rh1 0-1

[Event "Politiken Cup"]
[Site "Helsingor DEN"]
[Date "2009.07.25"]
[Round "9"]
[White "Molvig,H"]
[Black "Jorgensen,C"]
[Result "1-0"]
[WhiteElo "2176"]
[BlackElo "2013"]
[EventDate "2009.07.18"]

1. d4 d5 2. c4 c6 3. Nf3 Nf6 4. Nc3 dxc4 5. a4 e6 6. e3 c5 7. Bxc4 Nc6 8.
O-O cxd4 9. exd4 Be7 10. Bg5 O-O 11. Qd2 h6 12. Bf4 Nb4 13. Rac1 Bd7 14.
Rfe1 Bc6 15. Ne5 Nbd5 16. Nxc6 bxc6 17. Be5 Nd7 18. Qe2 Nxe5 19. dxe5 Bg5
20. Rcd1 Nxc3 21. bxc3 Qa5 22. Qg4 Qxc3 23. h4 h5 24. Qxg5 Qxc4 25. Qxh5
Rfd8 26. Qg5 Rd5 27. h5 Qc2 28. Rc1 Qd2 29. Qxd2 Rxd2 30. Rxc6 a5 31. Rc5
Rd4 32. Ra1 Ra7 33. g3 Kh7 34. f3 Kh6 35. g4 Kg5 36. Ra2 Kf4 37. Kg2 Rd3
38. Rac2 Rad7 39. Re2 R3d5 40. Rc4+ Kg5 41. Kg3 Rb7 42. Rec2 g6 43. Rc7 Rb3
44. Rxf7 gxh5 45. gxh5 Rxe5 46. Rc4 Kxh5 47. Rg4 Kh6 48. Rf6+ Kh5 49. Rf8
1-0

[Event "Politiken Cup"]
[Site "Helsingor DEN"]
[Date "2009.07.25"]
[Round "9"]
[White "Nilsson,Anders1"]
[Black "Boje,T"]
[Result "1/2-1/2"]
[WhiteElo "2169"]
[BlackElo "2008"]
[EventDate "2009.07.18"]

1. d4 Nf6 2. c4 e6 3. Nc3 Bb4 4. e3 c5 5. Nge2 d5 6. a3 Bxc3+ 7. Nxc3 cxd4
8. exd4 dxc4 9. Bxc4 Nc6 10. Be3 O-O 11. O-O b6 12. Qd3 Bb7 13. Rad1 Ne7
14. Bg5 h6 15. Bxf6 gxf6 16. Qg3+ Kh7 17. d5 Rg8 18. Qd3+ Kh8 19. Qh3 Kh7
20. Qd3+ Kh8 21. g3 Nxd5 22. Nxd5 Bxd5 23. Qc3 Kh7 24. Bxd5 exd5 25. Rd4
Rc8 26. Qd3+ Kg7 27. Rxd5 Qc7 28. Rd7 Qc2 29. Qd5 Rgf8 30. Re1 Qxb2 31.
Ree7 Qc1+ 32. Kg2 Qc6 33. Rxf7+ Rxf7 34. Rxf7+ Kg6 35. Qxc6 Rxc6 36. Rxa7
Rc3 37. Ra4 b5 38. Rg4+ Kf7 39. a4 bxa4 40. Rxa4 Rc5 41. Kh3 h5 42. Rf4 Kg6
43. Kg2 Rc3 44. Ra4 Rb3 45. Ra5 Rc3 46. Kh3 Rc2 47. Kg2 Rc3 48. h3 Rb3 49.
Rc5 Ra3 50. Rc6 Rb3 51. Re6 Ra3 52. Re3 Ra2 53. Kf3 Kf5 54. Re2 Ra3+ 55.
Re3 Ra2 56. Rd3 Ra5 57. Rd8 Ra3+ 58. Kg2 Rb3 59. Rg8 Rb4 60. h4 Ra4 61. Rg7
Rb4 62. Rg8 Ra4 63. Rh8 Kg6 64. Rc8 Ra3 65. Rc5 Rb3 66. Rc4 Ra3 67. Rf4 Rb3
68. Kh2 Ra3 69. Kg1 Rb3 70. Kh2 Ra3 71. Kh3 Rb3 72. f3 f5 73. Kg2 Rb2+ 74.
Kf1 Rb1+ 75. Kf2 Rb2+ 76. Ke3 Rg2 77. Ra4 Rxg3 78. Ra6+ Kg7 79. Ra7+ Kg6
80. Ra4 Rh3 81. Kf2 Rh2+ 82. Kg3 Rb2 83. Ra6+ Kg7 84. Kf4 Rb3 85. Ra7+ Kg6
86. Ra6+ Kg7 87. Rd6 Ra3 88. Re6 Rb3 89. Re5 Kg6 90. Re6+ Kg7 91. Re3 Rxe3
92. Kxe3 Kf7 93. Kd3 Ke7 94. Ke3 Kf7 95. Kd3 Ke7 96. Ke3 Kf7 1/2-1/2

[Event "Politiken Cup"]
[Site "Helsingor DEN"]
[Date "2009.07.25"]
[Round "9"]
[White "Nielsen,Mor"]
[Black "Eriksson,Mag2"]
[Result "0-1"]
[WhiteElo "2006"]
[BlackElo "2160"]
[EventDate "2009.07.18"]

1. e4 e6 2. d4 d5 3. Nd2 Nf6 4. e5 Nfd7 5. Bd3 c5 6. c3 Nc6 7. Ne2 cxd4 8.
cxd4 f6 9. exf6 Qxf6 10. Nf3 h6 11. Bd2 Bd6 12. Bc3 O-O 13. Bc2 Rd8 14. Qd3
Nf8 15. h4 g6 16. Qe3 Qg7 17. a3 Bd7 18. Bd2 e5 19. Qxh6 e4 20. Qxg7+ Kxg7
21. Ng5 Ne6 22. Nxe6+ Bxe6 23. Ba4 Ne7 24. Bf4 Bg4 25. Bxd6 Rxd6 26. Kd2
Rf8 27. Rhf1 Rdf6 28. Ke1 Nf5 29. f4 Bxe2 30. Kxe2 Ng3+ 31. Ke3 Nxf1+ 32.
Rxf1 Rc8 33. Bb3 Rd6 34. f5 Rf8 35. g4 gxf5 36. gxf5 Rh8 37. Rg1+ Kf6 38.
Rg6+ Ke7 39. Rg7+ Kf8 40. Rxb7 Rxh4 41. Rb5 Rh3+ 42. Kf4 e3 43. Bd1 Rd8 44.
Rb7 Re8 45. Rxa7 e2 46. Bxe2 Rxe2 47. Kg5 Rxb2 48. Ra8+ Kf7 49. Ra7+ Ke8
50. Ra5 Rb6 51. Rxd5 Rxa3 52. Kf4 Kf7 53. Ke5 Re3+ 54. Kf4 Re1 55. Ra5 Rd6
56. Ra4 Kf6 57. Kg4 Re4+ 58. Kf3 Rdxd4 59. Ra8 Kxf5 60. Rf8+ Kg6 61. Rg8+
Kf7 62. Ra8 Rh4 63. Kg3 Ra4 64. Rc8 Rag4+ 0-1